000 00371nam a22001577a 4500
003 OSt
005 20160615110506.0
008 160615b xxu||||| |||| 00| 0 eng d
020 _a0590685600
040 _cn/a
050 _aLB 1632
_b.R59 2000
100 _aLaura Robb
245 _aTeaching Reading in Middle School
260 _aBroadway;Newyork
942 _2lcc
_cBK
999 _c254521
_d254520